Historia de dos Ciudades: Santo Domingo y Nueva York despues de 1950/ Jjosse Hoffning Garskaf (Registro nro. 12237)

Detalles MARC
000 -LEADER
fixed length control field 00759nam a22001811a 4500
001 - CONTROL NUMBER
control field 12237
003 - CONTROL NUMBER IDENTIFIER
control field OSt
005 - DATE AND TIME OF LATEST TRANSACTION
control field 20260204212318.0
008 - FIXED-LENGTH DATA ELEMENTS--GENERAL INFORMATION
fixed length control field 150331s2013|||| ||||||b||||||||||spa||
020 ## - NUMERO DE LIBRO INTERNACIONAL NORMALIZADO
International Standard Book Number 9789945887778
082 ## - DEWEY DECIMAL CLASSIFICATION NUMBER
Classification number RD 972.9375054 G243h
100 ## - ASIENTO PRINCIPAL -- NOMBRE PERSONAL
Personal name Garskaf, Josse Hoffning
245 ## - TÍTULO PROPIAMENTE DICHO: SUBTÍTULO
Title Historia de dos Ciudades: Santo Domingo y Nueva York despues de 1950/ Jjosse Hoffning Garskaf
300 ## - PHYSICAL DESCRIPTION
Extensión 478 p.
500 ## - GENERAL NOTE
General note Incluye Bibliografia
650 ## - ASIENTO SECUNDARIO DE MATERIA -- TERMINO TEMÁTICO
Termino Temático Como Elemento de Entrada 1-DOMINICO AMERICANO- NEW YORK (ESTADO)- NEW YORK- CONDICIONES SOCIALES- SIGLO XX 2-INMIGRANTES- NEW YORK- (ESTADO)- CODICIONES SOCIALES 3- DOMINICANO- MIGRCION- HISTORIA - SIGLO XX 4-TRASNACIONALISMO- ESTADO DE CARAS- SOCIOLOGIA URBANA- ESTADOS- ESTUDIO DE CASOLISMOÌ
942 ## - ADDED ENTRY ELEMENTS (KOHA)
Source of classification or shelving scheme Dewey Decimal Classification
Koha item type Libros
Existencias
Withdrawn status Lost status Source of classification or shelving scheme Damaged status Not for loan Current library Date acquired Total Checkouts Full call number Barcode Date last seen Price effective from Koha item type
    Dewey Decimal Classification     Biblioteca UTECO 09/09/2019   RD 972.9375054 G243H 017565 09/09/2019 09/09/2019 Libros
© 2021 Derechos Reservados UTECO - Teléfono: +1 809-585-2291 - Correo electrónico: biblioteca@uteco.edu.do​  
Código postal 43000 ​​
Dirección: Avenida Universitaria No. 100, 
Cotuí, Provincia Sánchez Ramírez, República Dominicana - RNC: 404-00059-6